000 00299nam a2200097Ia 4500
082 _a641.852 WILS
245 0 _aPerfect preserves : more than 300 easy-to-make recipes
100 _a WILSON, Joan Camberwell, Vic., 2004
_991741
942 _cBK
008 210817s9999 xx 000 0 und d
999 _c372631
_d372630